| 000 | 01002nam a2200241 i 4500 | ||
|---|---|---|---|
| 001 | 9776 | ||
| 003 | ES-MaACL | ||
| 005 | 20230906145743.0 | ||
| 007 | t| | ||
| 008 | 940107s1993 sp ||||1| spa d | ||
| 020 | _a84-87868-07-X | ||
| 080 | _a336.3(4-67 CE) | ||
| 245 | 0 | 4 |
_aLos Mercados de deuda pública ante la unión económica y monetaria _b: informe de investigación / _crealizado por un equipo dirigido por Ignacio Ezquiaga Domínguez. |
| 260 |
_aMadrid : _bInstituto de Estudios y Análisis Económicos, _cD.L. 1993. |
||
| 300 |
_aXVII, 391 p. ; _c24 cm. |
||
| 490 | 1 |
_aInformes del Instituto de Estudios y Análisis Económicos ; _v5 |
|
| 650 | 1 | 4 |
_aTítulos de deuda pública- _zPaíses de la Unión Europea. _917544 |
| 700 | 1 |
_aEzquiaga, Ignacio. _948481 |
|
| 710 | 2 |
_aInstituto de Estudios y Análisis Económicos (Madrid) _94939 |
|
| 830 | 0 |
_aInformes del Instituto de Estudios y Análisis Económicos ; _v5 _9178322 |
|
| 852 |
_aES-MaACL _jL-17140 _bR.121342 |
||
| 999 |
_c9776 _d9776 |
||